[Event "Dos Hermanas"]
[Site "Dos Hermanas"]
[Date "1995.??.??"]
[Round "4"]
[White "Polgar, Judit"]
[Black "Piket, Jeroen"]
[Result "1/2-1/2"]
[WhiteElo "2630"]
[BlackElo "2670"]
[Annotator "Hansen,LB"]
[PlyCount "84"]
[EventDate "1995.04.??"]
[EventType "tourn"]
[EventRounds "9"]
[EventCountry "ESP"]
[EventCategory "18"]
[SourceTitle "CBM 047"]
[Source "ChessBase"]
[SourceDate "1995.08.01"]
[SourceVersion "1"]
[SourceVersionDate "1995.08.01"]
[SourceQuality "1"]

1. e4 e5 2. Nf3 Nc6 3. Bb5 a6 4. Ba4 Nf6 5. O-O Be7 6. Re1 b5 7. Bb3 d6 8. c3
O-O 9. d3 h6 $5 {Interesting.Normal is 9.-,Na5.10.Bc2,c5.} 10. Nbd2 Re8 11. Nf1
Bf8 12. a4 $146 (12. Ne3 Na5 (12... Bb7 13. a3 Ne7 14. Nh4 Bc8 15. d4 c5 16.
dxe5 dxe5 17. Qf3 c4 18. Bc2 Qc7 $10 {Smirin,I-Razuvaev,Y/Rostov/1993/}) 13.
Bc2 c5 14. a3 Nc6 15. b4 Be6 16. d4 $1 $14 {Krogius-Kostro,Varna/1969/}) (12.
Ng3 Na5 (12... Be6 13. d4 Bxb3 14. Qxb3 Na5 15. Qc2 c5 16. b3 cxd4 17. cxd4 Rc8
18. Qd2 g6 19. Bb2 exd4 20. Nxd4 Bg7 21. Rad1 $14 {Polgar,J-Schroll,G/Wien/
1991/}) 13. Bc2 c5 14. d4 (14. h3 Nc6 {1/2-1/2/Smagin,S-Razuvaev,Y/Stary
Smokovec/1990/}) 14... Nc6 15. a4 Bd7 16. d5 Na5 17. b3 $14 {
Kostro-Zigzidsuren/Polanica Zdroj/1973/}) 12... Bd7 13. axb5 axb5 14. Rxa8 Qxa8
15. Ng3 Na5 16. Bc2 c5 $10 17. d4 (17. Nh4 $6 g6 18. Qf3 Bg7 $15 19. Bxh6 $140
$4 Bg4 $19) 17... c4 18. dxe5 dxe5 19. Nh5 $5 Nxh5 20. Qxd7 Qb8 21. Be3 Nf6 22.
Qf5 $5 (22. Qd2 Rd8 23. Qe2 Nb7 $10) 22... Re6 23. Ra1 Nb7 $1 24. Nd2 Nd6 (
24... Bc5 $5) 25. Qf3 $5 b4 26. Qd1 Re8 27. cxb4 $5 (27. Bc5 bxc3 (27... b3 28.
Bb1 $13) 28. bxc3 Nb5 29. Bxf8 Nxc3 $1 30. Qe1 (30. Qf3 Qb2 $1) 30... Rxf8 (
30... Qb2 $5) 31. Nxc4 Nb5 32. Rb1 Qc7 $10) 27... Qxb4 28. Ra4 Qxb2 29. Nxc4
Nxc4 30. Rxc4 Ra8 31. Bd3 (31. Ba4 Ng4 $1 32. Qxg4 (32. Rc2 Qb4) 32... Rxa4 $1
33. Rc1 Qb7 $1 34. f3 Ra2 $15) 31... Rd8 $1 32. Qc2 Qa1+ 33. Bf1 Qe1 (33... Rd1
34. Bc1 Re1 35. Rc8 $1 $132) 34. Qe2 Rd1 35. Qxe1 Rxe1 36. h3 $1 $10 Nh5 $5 37.
Rc7 Bd6 38. Rd7 Bb4 39. Rd8+ Kh7 40. Rd3 $1 (40. g3 $2 Nxg3 $1 $17) 40... Kg6
41. g3 Nf6 42. Rb3 Ba5 (42... Ba5 43. Kg2 Nxe4 $5 44. Bd3 f5 45. g4 $5 $132 (
45. Bxe4 fxe4 46. g4 $10)) 1/2-1/2

[Event "Women-Veterans"]
[Site "Prague"]
[Date "1995.??.??"]
[Round "10"]
[White "Xie, Jun"]
[Black "Smyslov, Vassily V"]
[Result "0-1"]
[WhiteElo "2540"]
[BlackElo "2540"]
[Annotator "Hansen,LB"]
[PlyCount "166"]
[EventDate "1995.07.??"]
[EventType "schev"]
[EventRounds "5"]
[EventCountry "CZE"]
[SourceTitle "CBM 048"]
[Source "ChessBase"]
[SourceDate "1995.10.01"]
[SourceVersion "1"]
[SourceVersionDate "1995.10.01"]
[SourceQuality "1"]

1. e4 e5 2. Nf3 Nc6 3. Bb5 a6 4. Ba4 Nf6 5. O-O Be7 6. Re1 b5 7. Bb3 d6 8. c3
O-O 9. d3 Na5 10. Bc2 c5 11. Nbd2 Re8 12. Nf1 h6 13. Ng3 (13. a4 b4 14. Ne3 Bf8
15. cxb4 cxb4 16. b3 d5 $10 {Smirin,I-Adams,M/Elenite/1993/}) (13. d4 Qc7 14.
d5 (14. Ne3 Bf8 15. d5 Bd7 16. b3 c4 17. b4 Nb7 18. a3 a5 19. Rb1 axb4 20. axb4
g6 21. h3 Ra2 $10 {Emms,J-Tisdall,J/Gausdal/1995/}) 14... Bd7 (14... Nc4 15. a4
Bd7 16. b3 Na5 17. Ne3 c4 18. bxc4 Nxc4 19. h3 Rec8 20. axb5 axb5 $15 {Adams,
M-Kamsky,G/Dos Hermanas/1995/}) 15. b3 Bf8 16. h3 g6 17. Be3 c4 18. b4 Nb7 19.
Qd2 h5 20. N3h2 a5 21. a3 Ra6 $10 {Kharlov,A-Hjartarson,J/EuCup/1993/}) 13...
Bf8 14. h3 (14. d4 Bd7 (14... cxd4 15. cxd4 Bg4 16. d5 Nh5 17. h3 Bxf3 18. Qxf3
Nxg3 19. Qxg3 Kh8 20. Bd3 Rc8 21. Be2 Be7 22. a4 $14 {Nunn,J-Maric,A/Hastings/
1994-95/}) 15. d5 Nc4 16. a4 bxa4 17. Bxa4 Nb6 18. Bxd7 Qxd7 19. Nd2 g6 20. Ra5
Qc7 21. Ra2 Reb8 22. Ngf1 $14 {Adams,M-Piket,J/Moscow ol/1994/}) 14... Bd7 15.
a4 (15. Nh2 g6 $132) 15... Qc7 16. Nh2 b4 $1 $132 {<<} 17. Qf3 Qd8 18. Nhf1 Rb8
19. Be3 g6 20. Nd2 Bg7 21. cxb4 $6 (21. Qd1 $142 {/\ Nb3=}) 21... Rxb4 $1 $15 {
>< b2} 22. b3 Be6 23. Rab1 Nc6 $1 24. Nc4 Nd4 $17 25. Qd1 Qc7 26. Ne2 d5 $1 27.
exd5 Nxd5 28. Bd2 Rb7 29. Nxd4 exd4 30. Qc1 Kh7 31. Bd1 Qb8 $1 32. Bf3 Rbe7 $1
33. a5 Nc3 $1 34. Bf4 (34. Bxc3 dxc3 $17) 34... Qd8 35. Nd6 Nxb1 36. Qxb1 Qxa5
$5 {The simplest.} 37. Nxe8 Rxe8 38. Bd5 Qd8 39. Bxe6 Rxe6 40. Rxe6 fxe6 41.
Qa2 Qb6 42. Qa4 e5 43. Bd2 Qb5 44. Qc4 Qxc4 45. bxc4 Bf6 $17 {/\ Bd8,a5} 46.
Ba5 $8 Kg7 47. Kf1 Bg5 48. Bb6 Be7 49. Ke2 Kf6 50. Kf3 Ke6 51. g3 Kd6 52. h4 $6
{>< g4} Kc6 53. Ba5 h5 54. Ke2 Bd6 55. Kd1 Bc7 56. Bd2 Kd6 57. Kc2 Ke6 58. Kb3
Kf5 59. f3 $8 Bd8 60. Bh6 Ba5 $1 61. Bf8 Be1 62. Bxc5 Bxg3 63. Be7 Bf4 $19 64.
c5 Ke6 65. Bd8 Kd5 66. Be7 Bd2 67. Ka4 Be1 68. Kb3 a5 69. Ka4 Kc6 70. Kb3 Kb5
71. Kc2 a4 72. Kb2 Ba5 73. Ka2 Bc7 74. Kb2 Bb8 $1 75. Kc2 Ba7 76. Bd6 Bxc5 77.
Bxe5 Be7 $1 78. Bg3 g5 $1 79. hxg5 Bxg5 80. Be5 Kc5 81. f4 Kd5 $1 82. Bc7 Bf6
83. Kb2 h4 0-1

[Event "Tilburg"]
[Site "Tilburg"]
[Date "1994.??.??"]
[Round "1"]
[White "Kengis, Edvins"]
[Black "Blatny, Pavel"]
[Result "1-0"]
[WhiteElo "2580"]
[BlackElo "2485"]
[Annotator "Hansen,LB"]
[PlyCount "75"]
[EventDate "1994.09.??"]
[EventType "k.o."]
[EventRounds "7"]
[EventCountry "NED"]
[SourceTitle "CBM 044"]
[Source "ChessBase"]
[SourceDate "1995.02.01"]
[SourceVersion "1"]
[SourceVersionDate "1995.02.01"]
[SourceQuality "1"]

1. e4 e5 2. Nf3 Nc6 3. Bb5 a6 4. Ba4 Nf6 5. O-O Be7 6. d3 {Avoiding Blatnys
favorite Marshall} b5 7. Bb3 O-O 8. Re1 d6 9. c3 Nd7 $5 (9... Na5 10. Bc2 c5
11. Nbd2 Nd7 $5 (11... Re8) 12. Nf1 Nb6 13. d4 cxd4 14. cxd4 Nc6 15. d5 Nb4 16.
Bb1 a5 17. Ne3 Bd7 18. b3 Na6 19. Bb2 g6 {1/2-1/2/Smirin,I/Hansen,LB/Moskva OL/
1994/}) 10. Nbd2 Bf6 11. Nf1 Ne7 12. d4 $1 c5 13. Ne3 Nb6 14. h3 $1 g6 $2 (
14... c4 15. Bc2 Ng6 16. Ng4 Bxg4 17. hxg4 h6 $14) 15. dxc5 dxc5 16. Ng4 $1 $16
Bxg4 $8 (16... Bg7 $6 17. Nh6+ $16) 17. hxg4 Qc7 $6 (17... Qxd1 $142 18. Rxd1
$16) 18. g5 Rad8 19. Qe2 Bg7 20. a4 c4 21. Bc2 Nc6 22. Nh2 $1 Nd7 23. Ng4 Nc5
24. axb5 axb5 25. Qe3 Ne6 26. Nf6+ Bxf6 27. gxf6 Rd6 28. Qh6 Nb8 29. Bg5 Nd7
30. Re3 $18 Rd8 31. Rh3 Ndf8 32. g3 $1 {Black has no defense against the plan
Kg2,Rh1,Qh7!} Qb7 33. Kg2 Rd3 34. Rh4 $1 Qd7 35. Rah1 Rd2 36. Qxh7+ $3 Nxh7 37.
Rxh7 Nf4+ 38. Bxf4 $1 (38. Bxf4 Rxf2+ 39. Kxf2 Qa7+ 40. Ke2 $18) 1-0

[Event "EU-Cup 01st final play-off"]
[Site "Solingen"]
[Date "1976.05.10"]
[Round "4.3"]
[White "Razuvaev, Yuri S"]
[Black "Westerinen, Heikki MJ"]
[Result "1/2-1/2"]
[WhiteElo "2495"]
[BlackElo "2485"]
[Annotator "Hecht,H"]
[PlyCount "47"]
[EventDate "1976.05.08"]
[EventType "team-match"]
[EventRounds "3"]
[EventCountry "GER"]
[SourceTitle "MCD"]
[Source "ChessBase"]
[SourceDate "1999.07.01"]
[SourceVersion "1"]
[SourceVersionDate "1999.07.01"]
[SourceQuality "1"]
[WhiteTeam "Burevestnik"]
[BlackTeam "Solingen SG"]
[WhiteTeamCountry "URS"]
[BlackTeamCountry "GER"]

{Nachdem sein Turm auf d7 nach Ld6 eingeschlossen war, beschlich Razuvaev wohl
ein ungutes Gefühl, und er bot remis. Westerinen glaubte zwar etwas besser zu
stehen, war sich seiner Sache aber nicht sicher und akzeptierte das
Remisangebot.} 1. e4 e5 2. Nf3 Nc6 3. Bb5 a6 4. Ba4 Nf6 5. O-O Be7 6. Re1 b5 7.
Bb3 d6 8. c3 Bg4 9. h3 Bh5 10. d3 O-O 11. Nbd2 d5 12. Qe2 dxe4 13. dxe4 Bd6 14.
Nf1 Na5 15. Bc2 Nd7 16. Ng3 Bg6 17. h4 h6 18. h5 Bh7 19. a4 b4 20. cxb4 Bxb4
21. Rd1 Qe7 22. Nh4 Qxh4 23. Rxd7 Bd6 24. Nf5 1/2-1/2

[Event "ARG-ch"]
[Site "Argentina"]
[Date "1995.??.??"]
[Round "9"]
[White "Giaccio, Alfredo Gustavo"]
[Black "Servat, Roberto"]
[Result "1-0"]
[WhiteElo "2410"]
[BlackElo "2450"]
[Annotator "Hecht,H"]
[PlyCount "121"]
[EventDate "1995.??.??"]
[EventType "tourn"]
[EventRounds "15"]
[EventCountry "ARG"]
[EventCategory "9"]
[SourceTitle "CBM 049"]
[Source "ChessBase"]
[SourceDate "1995.12.01"]
[SourceVersion "1"]
[SourceVersionDate "1995.12.01"]
[SourceQuality "1"]

1. e4 e5 2. Nf3 Nc6 3. Bb5 a6 4. Ba4 Nf6 5. O-O Be7 6. Re1 b5 7. Bb3 d6 8. c3
O-O 9. a4 Bd7 10. d4 h6 11. Nbd2 Re8 12. Nf1 Bf8 13. Ng3 Na5 14. Bc2 c5 15. d5
c4 16. h3 Nb3 17. Nh2 Nc5 18. axb5 axb5 19. Rxa8 Qxa8 20. f4 exf4 21. Bxf4 Qa2
22. Re2 Qa6 23. Qf1 Nh7 24. Be3 Qc8 25. Bd4 Ng5 26. h4 Nh7 27. Qf4 f6 28. Rf2
Qc7 29. Ng4 Bc8 30. Nf5 Nd7 31. Ngxh6+ gxh6 32. Qg4+ Kh8 33. Qg6 Rd8 34. Rf3
Ne5 35. Bxe5 Bxf5 $2 (35... dxe5 $142) 36. Bxf6+ Nxf6 37. Qxf6+ Bg7 38. Qxf5
Rf8 39. Qg6 Qa7+ 40. Kf1 Qe3 41. Rxf8+ Bxf8 42. e5 Qf4+ 43. Kg1 Qe3+ 44. Kh2
Qxe5+ 45. Kh3 Qg7 46. Qe8 Qe7 47. Bg6 Qf6 48. Be4 Qe7 49. Qg6 Qg7 50. Kg4 Qe7
51. Kh5 Qe5+ 52. Bf5 Qe2+ 53. g4 Qe7 54. Qe6 Kg7 55. Qxe7+ Bxe7 {ungleiche L;
weit voneinander getrennte wFreibauern; einfacher Gewinn} 56. Bd7 b4 57. cxb4
Bf6 58. b5 Bxb2 59. b6 Bd4 60. b7 Ba7 61. Ba4 (61. Ba4 Bb8 62. g5 hxg5 63. Kxg5
c3 64. h5 Ba7 65. h6+ Kf7 66. Bc2 Bb8 67. Kf5 Ba7 68. h7 Kg7 69. Ke6 Bb8 70.
Kd7 $18) 1-0

[Event "Lee Cup 4th"]
[Site "Beijing"]
[Date "1997.09.03"]
[Round "10"]
[White "Li, Shilong"]
[Black "Peng, Xiaomin"]
[Result "1-0"]
[WhiteElo "2335"]
[BlackElo "2530"]
[Annotator "Hecht,H"]
[PlyCount "117"]
[EventDate "1997.08.23"]
[EventType "swiss"]
[EventRounds "11"]
[EventCountry "CHN"]
[SourceTitle "CBM 061"]
[Source "ChessBase"]
[SourceDate "1997.11.23"]
[SourceVersion "1"]
[SourceVersionDate "1997.11.23"]
[SourceQuality "1"]

1. e4 e5 2. Nf3 Nc6 3. Bb5 a6 4. Ba4 Nf6 5. O-O Be7 6. Re1 b5 7. Bb3 O-O 8. d3
d6 9. c3 Na5 10. Bc2 c5 11. Nbd2 Nc6 12. Nf1 Re8 13. h3 Qc7 14. Ne3 Bf8 15. a3
h6 16. Nh2 Be6 17. Nhg4 Nxg4 18. hxg4 Qd8 19. Bb3 Rb8 20. g3 a5 21. Bd5 Bxd5
22. exd5 Ne7 23. a4 b4 24. c4 g6 25. Kg2 Bg7 26. Rh1 Rf8 27. Nf1 g5 28. Nd2 Qd7
29. Ne4 f6 30. Be3 Rf7 31. Qe2 Rbf8 32. b3 Ng6 33. Raf1 Qe7 34. Bc1 Rd8 35. Rh5
Rdf8 36. Rfh1 Qd7 37. Kg1 Re8 38. R1h2 Nf8 39. Kh1 Nh7 40. Kg1 Ref8 41. Be3 Qe7
42. Kg2 Rd8 43. Qf3 Qd7 44. Qf5 Qxf5 45. gxf5 Kf8 46. f4 gxf4 47. gxf4 Ke7 48.
fxe5 fxe5 49. Bxh6 Bf6 50. Be3 Rg8+ 51. Kf3 Nf8 52. Rh6 Rgg7 53. R2h5 Nd7 54.
Rg6 Nf8 55. Rxg7 Rxg7 56. Rh6 Nd7 57. Rg6 Rxg6 58. fxg6 {[#] Decisive passed
pawn. Technique. [#] Entscheidender Freibauer g6; Taktik} Nf8 (58... Bg7 59.
Bg5+ Nf6 60. Nxf6 Bxf6 61. g7 $18) (58... Nb6 59. Bh6 Nd7 60. g7 Kf7 61. Nxd6+
Kg8 62. Nb7 $18) 59. Bg5 $1 (59. Ng5 Bxg5 60. g7 Kf7 61. gxf8=Q+ Kxf8 62. Bxg5
$18) 1-0

[Event "World Women-ch"]
[Site "Kazan/Shenyang"]
[Date "1999.07.20"]
[Round "13"]
[White "Galliamova, Alisa"]
[Black "Xie, Jun"]
[Result "1/2-1/2"]
[WhiteElo "2556"]
[BlackElo "2528"]
[Annotator "Hecht,H"]
[PlyCount "167"]
[EventDate "1999.07.05"]
[EventType "match"]
[EventRounds "16"]
[EventCountry "RUS"]
[SourceTitle "CBM 073"]
[Source "ChessBase"]
[SourceDate "1999.12.01"]
[SourceVersion "1"]
[SourceVersionDate "1999.12.01"]
[SourceQuality "1"]

1. e4 e5 2. Nf3 Nc6 3. Bb5 a6 4. Ba4 Nf6 5. O-O Be7 6. Re1 b5 7. Bb3 d6 8. c3
O-O 9. a3 Re8 10. d4 h6 11. Nbd2 Bf8 12. Ba2 Bd7 13. b4 a5 14. Qb3 Re7 15. d5
Na7 16. c4 axb4 17. axb4 bxc4 18. Nxc4 Qb8 19. Na5 c6 20. h3 Qb5 21. Be3 cxd5
22. exd5 Bf5 23. Nd2 Rc7 24. Rac1 Rac8 25. Rc4 Rxc4 26. Ndxc4 Rc7 27. Na3 Qa6
28. Qb2 Bd3 29. Rc1 Qc8 30. Rd1 Qa6 31. Rc1 Qc8 32. Rxc7 Qxc7 33. Qc1 Qxc1+ 34.
Bxc1 Nb5 35. Nxb5 Bxb5 36. Be3 Ne4 37. Bc4 Bxc4 38. Nxc4 {[%csl Rd5][%cal
Rb4b5] [#]} Nc3 39. Na3 (39. Nb6 Be7 40. Nc8 Kf8 (40... Nxd5 41. Nxe7+ Nxe7 42.
b5 Kf8 43. b6 Nc6 44. b7 Ke7 45. Ba7 d5 46. b8=Q Nxb8 47. Bxb8 Ke6 $16 {
[#] In Stellungen dieser Art ist der Läufer mit dem "richtigen" Randbauern in
der Hinterhand die bessere Leichtfigur, um durch Zugzwang zum Gewinn zukommen.}
)) 39... Nxd5 40. b5 Nb4 41. Nc4 f6 42. Bd2 d5 43. Bxb4 Bxb4 44. Ne3 Kf7 (44...
d4 45. Nc4 Be7 46. b6 Bd8 47. b7 Bc7 48. Na5 Kf7 49. Nc6 Ke6 50. b8=Q Bxb8 51.
Nxb8 e4 52. Kf1 f5 $44 {[#] Der Springer als Nahkampffigur verfügt über keine
rechten Ansatzpunkte, um an die schwarzen Bauern heranzukommen. Deshalb sind
die Remisaussichten für Schwarz hier sehr groß.}) 45. Nxd5 Bd6 46. b6 Ke6 47.
Ne3 Kd7 48. Nf5 Bf8 49. g4 Kc6 50. Kg2 Kxb6 51. Kf3 Kc6 52. Ke4 Kc5 53. f3 Kc6
54. h4 g6 (54... Kc5 55. h5 Kc6 56. Nh4 {[%csl Rf6,Rg7,Rh6][%cal Ye4g6,Yh4f5]}
Kc5 57. Kf5 Kd4 58. Kg6 Ke3 59. Kf7 Bb4 60. Kxg7 Kf4 (60... Be1 61. Ng2+ Kxf3
62. Nxe1+ Kxg4 63. Kxh6 f5 64. Kg6 f4 65. h6 f3 66. Nxf3 Kxf3 67. h7 $18) 61.
Kxh6 Kg3 62. Kg6 Bd2 {war eine riskante und am Brett kaum zu kalkulierende
Alternative, um zum Remis zu kommen. Hier gibt es sicher etliche
Verbesserungen beiderseits.}) ({Einfacher war sicherlich:} 54... Kd7 55. Kd5 (
55. h5 Ke6 $11) 55... g6 56. Ng3 Ke7 57. h5 Kf7 $11) 55. Ng3 Kd6 56. h5 f5+ 57.
gxf5 gxh5 58. Nxh5 Ke7 59. Kxe5 Kf7 60. Nf4 (60. f6 Ba3 61. Kf5 Bb2 $11) 60...
Bg7+ 61. Ke4 Bb2 $11 62. Nd3 Bc3 63. Nf4 Bb2 64. Nd5 Ba1 65. Kf4 Bb2 66. Kg4
Ba1 67. Ne3 Bb2 68. Nc4 Ba1 69. Kf4 Bg7 70. Nd6+ Ke7 71. Ne4 Kf7 72. Nf2 Bb2
73. Ng4 Bg7 74. Ke4 Ke7 75. Kf4 Kf7 76. Kg3 h5 77. Nf2 Be5+ 78. f4 Bc7 79. Ne4
Bb8 80. Kf3 Bc7 81. Ng3 h4 82. Ne4 h3 83. Ng3 h2 84. Nh1 1/2-1/2

[Event "Politiken Cup 18th"]
[Site "Copenhagen"]
[Date "1996.??.??"]
[Round "4"]
[White "Liss, Eran"]
[Black "Tseshkovsky, Vitaly"]
[Result "1-0"]
[WhiteElo "2480"]
[BlackElo "2540"]
[Annotator "Hecht,H"]
[PlyCount "133"]
[EventDate "1996.06.??"]
[EventType "swiss"]
[EventRounds "11"]
[EventCountry "DEN"]
[SourceTitle "CBM 054"]
[Source "ChessBase"]
[SourceDate "1996.10.01"]
[SourceVersion "1"]
[SourceVersionDate "1996.10.01"]
[SourceQuality "1"]

1. e4 e5 2. Nf3 Nc6 3. Bb5 a6 4. Ba4 Nf6 5. O-O Be7 6. Re1 b5 7. Bb3 O-O 8. d3
d6 9. c3 Na5 10. Bc2 c5 11. Nbd2 Re8 12. Nf1 h6 13. a4 Bd7 14. d4 Bf8 15. d5 c4
16. Ng3 g6 17. h3 Nb7 18. Be3 Qc7 19. Qd2 Kh7 20. Nh4 Bg7 21. axb5 Bxb5 22. f4
exf4 23. Bxf4 Ng8 24. Rf1 Nc5 25. Rae1 Nd3 26. Bxd3 cxd3 27. Nf3 Rab8 28. Be3
Nf6 29. Bd4 Qe7 30. b3 Bd7 31. Qd1 Bc8 32. c4 d2 33. Nxd2 Nd7 34. Nf3 Bxd4+ 35.
Nxd4 Ne5 36. Nf3 Kg7 37. Kh2 a5 38. Re3 a4 39. Nxe5 Qxe5 40. bxa4 Ba6 41. Ref3
Re7 42. R1f2 Bxc4 43. Qc1 Rb4 44. Qa3 Rb1 45. Rf6 Rb3 46. Qxd6 Qxd6 47. Rxd6
Ra7 48. Rd8 Ra3 49. e5 Rd3 50. d6 Rd4 51. Rb2 Be6 52. Rbb8 f6 53. Re8 Bd5 54.
Ne2 Rd2 55. Nf4 Bf7 56. Ne6+ Bxe6 57. Rxe6 Rf7 58. exf6+ Rxf6 59. Re7+ Rf7 60.
Rbb7 Rxe7 61. dxe7 {2-2 B am K-Flügel + 2-0 vereinzelte Freibauern. 
Gewinnplan: Vorgehen des a-Bauern, Opfer des e-Bauern, Umgehung einfache
Endspieltaktik} Kf7 62. a5 Ra2 63. Ra7 Re2 64. a6 Re6 (64... Ra2 65. Ra8 Kxe7
66. a7 Kf7 67. Rh8 $18) 65. e8=Q+ (65. Ra8 Rxe7 66. a7 Ke6 67. Rg8 Rxa7 68.
Rxg6+ $18) 65... Kxe8 66. Ra8+ Kf7 67. a7 1-0

[Event "EU-chT (Men) 10th"]
[Site "Debrecen"]
[Date "1992.11.??"]
[Round "9.1"]
[White "Hjartarson, Johann"]
[Black "Piket, Jeroen"]
[Result "1-0"]
[WhiteElo "2580"]
[BlackElo "2615"]
[Annotator "Hjartarson,J"]
[PlyCount "141"]
[EventDate "1992.11.20"]
[EventType "team-swiss"]
[EventRounds "9"]
[EventCountry "HUN"]
[SourceTitle "EU-chT"]
[Source "ChessBase"]
[SourceDate "1999.07.01"]
[SourceVersion "2"]
[SourceVersionDate "1999.07.01"]
[SourceQuality "1"]
[WhiteTeam "Iceland"]
[BlackTeam "Netherlands"]
[WhiteTeamCountry "ISL"]
[BlackTeamCountry "NED"]

1. e4 e5 2. Nf3 Nc6 3. Bb5 a6 4. Ba4 Nf6 5. O-O Be7 6. Re1 b5 7. Bb3 d6 8. c3
O-O 9. d3 Na5 10. Bc2 c5 11. Nbd2 Re8 12. Nf1 Bb7 13. Ng3 Bf8 14. Bg5 (14. h3
d5 $1 (14... g6 15. Bg5 h6 16. Bd2 d5 $6 (16... Nc6 $14) 17. exd5 c4 18. b4 $1
$16 {Fischer,R-Spassky,B Sveti Stefan/Beograd (m/7) 1992}) 15. exd5 Qxd5 16.
Bg5 Qc6 $1 $15 {Illescas,M-Ivanchuk,V Linares 1992}) 14... h6 15. Bd2 Nc6 16.
a3 d5 17. exd5 Nxd5 (17... Qxd5 $1 18. Qe2 Rad8 19. Rad1 g6 20. Bc1 $10) 18. b4
cxb4 19. axb4 Qd7 20. Bb3 Rad8 21. Qc2 Nf6 22. Rad1 Qc7 (22... Qxd3 $2 23. Qa2
Qd7 24. Bxh6 Qc7 25. Bg5 $16) 23. d4 (23. Bc1 a5 24. bxa5 Nxa5 $10) 23... e4 (
23... exd4 24. Rxe8 Rxe8 25. cxd4 $14) 24. Nh4 (24. Nxe4 $2 Nxe4 25. Rxe4 Nxb4
$19) 24... Ne7 25. f3 exf3 26. Nxf3 Bd5 27. Ne5 Bxb3 (27... Qb7 28. Rf1 Bxb3
29. Qxb3 Qd5 $10) 28. Qxb3 Ned5 29. Nf5 g6 30. Ne3 (30. Nxh6+ $2 Bxh6 31. Bxh6
Qxc3 $15) 30... Nxe3 (30... Bg7 31. Rf1 Rf8 32. Nxd5 Nxd5 33. Rde1 $14) 31.
Rxe3 Nd5 32. Rf3 Re7 (32... Rxe5 33. dxe5 Qxe5 34. Rdf1 $16) 33. Rdf1 Rxe5 34.
dxe5 Qxe5 35. Rxf7 Bg7 36. Kh1 Qe6 37. Ra7 Qe2 38. Rff7 Be5 39. Qb1 Qh5 40. h3
Nxc3 41. Qf1 Qd1 (41... Ne4 $2 42. Rg7+ $1 Bxg7 43. Qf7+ $18) 42. Bxc3 Qxf1+
43. Rxf1 Bxc3 44. Rxa6 Kg7 45. Rb6 Bxb4 46. Rxb5 (46. Rff6 Bf8 47. Rxg6+ Kh7
48. Rgc6 b4 49. Rb7+ Kg8 50. Kg1 $18) 46... Bf8 47. Rb7+ Kg8 48. Rf6 Rd1+ 49.
Kh2 Rd6 50. Rf3 (50. Rxd6 $2 Bxd6+ 51. Kh1 Be5 52. g4 Bf6 53. Kg2 Bh4 $10)
50... Rd8 51. Kg3 Bd6+ 52. Kg4 Be5 53. Re3 Bf6 54. Re6 Rf8 55. Kf3 Rf7 56. Rb8+
Kg7 57. Ke4 h5 58. Rbb6 Rf8 59. Rbc6 Rf7 60. Ra6 Rf8 61. Ra7+ Rf7 62. Raa6 Rf8
63. g4 hxg4 64. hxg4 g5 (64... Rf7 65. g5 $18) 65. Kf5 Bd8+ 66. Ke5 Rf1 (66...
Bc7+ 67. Ke4 Rf4+ 68. Kd5 Bd8 69. Ra7+ Kf8 70. Ra8 $18) 67. Ra7+ Kf8 68. Rh6
Be7 69. Rh7 Re1+ 70. Kf5 Ke8 71. Rhxe7+ 1-0

[Event "Interzonal-14b"]
[Site "Szirak"]
[Date "1987.??.??"]
[Round "12"]
[White "Ljubojevic, Ljubomir"]
[Black "Hjartarson, Johann"]
[Result "0-1"]
[WhiteElo "2625"]
[BlackElo "2550"]
[Annotator "Hjartarson,J"]
[PlyCount "114"]
[EventDate "1987.07.??"]
[EventType "tourn"]
[EventRounds "17"]
[EventCountry "HUN"]
[EventCategory "12"]
[SourceTitle "CBM 003"]
[Source "ChessBase"]
[SourceDate "1988.04.01"]
[SourceVersion "1"]
[SourceVersionDate "1988.04.01"]
[SourceQuality "1"]

1. e4 e5 2. Nf3 Nc6 3. Bb5 a6 4. Ba4 Nf6 5. O-O Be7 6. Re1 b5 7. Bb3 d6 8. c3
O-O 9. a4 Bd7 10. d4 h6 11. Nbd2 Re8 12. d5 (12. Bc2 $5) 12... Na5 13. Bc2 c6
14. b4 Nc4 15. Nxc4 bxc4 16. dxc6 Bxc6 17. Qe2 $5 (17. a5) 17... Rc8 18. Bd2 (
18. Qxc4 $2 Bxe4) 18... Bf8 19. Rad1 Bb7 $10 20. Nh4 $2 (20. a5) (20. Bc1)
20... g6 21. a5 Bg7 22. Nf3 (22. Qf3 $5) 22... Qc7 23. Be3 d5 $15 24. Bb6 Qc6
25. Nd2 d4 $1 26. cxd4 exd4 27. Bxd4 c3 28. Nf1 Nxe4 29. Qf3 $6 (29. Ne3 h5 $1
{/\ Nd2=/+} (29... Nd2 30. Bxg7 Kxg7 31. Qg4 $1 $132)) 29... Nd2 30. Rxe8+ Rxe8
31. Qxc6 Bxc6 32. Bxg7 Kxg7 33. Ne3 $2 (33. Nxd2 $2 cxd2 34. f3 Re2 35. Kf1 Bb5
$19) (33. Rc1 $8 Nxf1 (33... Bb5 $5 $17) 34. Kxf1 Bb5+ 35. Kg1 Kf6 $5 $17)
33... Rb8 $19 34. Rc1 (34. Bd3 Rxb4 35. Bxa6 Ba4 36. Rc1 c2) 34... Rxb4 35. Nd1
(35. Bd3 Bb5 36. Nd5 Rd4) 35... Rg4 $1 36. g3 (36. Ne3 Rg5 $19 {>< a5}) 36...
Nf3+ 37. Kf1 Bb5+ 38. Kg2 Ne1+ 39. Kg1 Nxc2 40. Rxc2 Ba4 41. Rc1 (41. Rxc3 $1
Rg5 $15 {Djukanovic,M} (41... Bxd1 $6 42. f4 {/\ h3})) 41... Bxd1 (41... c2 {>=
} 42. Nc3 Rd4 43. Kg2 Rd1 44. Ne2 Bc6+ {/\ Rd2-+}) 42. Rxd1 c2 43. Rc1 Rc4 44.
Kf1 Kf6 45. Ke2 Ke5 46. Kd3 Kd5 47. h4 h5 48. f3 f6 49. Rxc2 Rxc2 50. Kxc2 {
P 3/b1} Kc4 51. g4 f5 52. gxh5 gxh5 53. Kd2 f4 54. Kc2 Kb4 55. Kd3 Kxa5 56. Ke4
Kb4 57. Kxf4 a5 0-1